Human Resource Management (Record no. 350532)
[ view plain ]
| 000 -LEADER | |
|---|---|
| fixed length control field | 00438nam a22001697a 4500 |
| 003 - CONTROL NUMBER IDENTIFIER | |
| control field | OSt |
| 005 - DATE AND TIME OF LATEST TRANSACTION | |
| control field | 20180116183020.0 |
| 008 - FIXED-LENGTH DATA ELEMENTS--GENERAL INFORMATION | |
| fixed length control field | 151109b xxu||||| |||| 00| 0 eng d |
| 020 ## - INTERNATIONAL STANDARD BOOK NUMBER | |
| International Standard Book Number | 9788121923002 |
| 040 ## - CATALOGING SOURCE | |
| Transcribing agency | 0 |
| 082 ## - DEWEY DECIMAL CLASSIFICATION NUMBER | |
| Classification number | 658.5 KHA 2014 |
| 100 ## - MAIN ENTRY--PERSONAL NAME | |
| Personal name | Dr.S.S. Khanka |
| 245 ## - TITLE STATEMENT | |
| Title | Human Resource Management |
| Remainder of title | Text and Cases |
| Statement of responsibility, etc. | Dr.S.S. Khanka |
| 440 ## - SERIES STATEMENT/ADDED ENTRY--TITLE | |
| Title | Human Resource Management |
| 600 ## - SUBJECT ADDED ENTRY--PERSONAL NAME | |
| Personal name | Dr.S.S. Khanka |
| 942 ## - ADDED ENTRY ELEMENTS (KOHA) | |
| Source of classification or shelving scheme | |
| Koha item type | Book |
| Withdrawn status | Lost status | Source of classification or shelving scheme | Damaged status | Not for loan | Collection code | Permanent Location | Current Location | Shelving location | Date acquired | Total Checkouts | Full call number | Barcode | Date last seen | Date last checked out | Price effective from | Koha item type |
|---|---|---|---|---|---|---|---|---|---|---|---|---|---|---|---|---|
| Central Library (CL) | Central Library (CL) | General Stacks | 11/09/2015 | 2 | 658.5 KHA 2014 | NBS9574 | 02/10/2019 | 02/09/2019 | 11/09/2015 | Book |
